| 000 | 00380nam a2200133Ia 4500 | ||
|---|---|---|---|
| 005 | 20251222144824.0 | ||
| 008 | 251222s9999||||xx |||||||||||||| ||spa|| | ||
| 020 | _a84-86809-73-8 | ||
| 082 | _a306.324.6/B38 | ||
| 100 | _aBelando Carbonell, Remedios | ||
| 245 | 0 | _aRealengo y Señorío en el Alto y Medio Vinalopó: | |
| 264 | _bPublicaciones Universidad de Piura | ||
| 942 | _cLIB | ||
| 999 |
_c20618 _d20618 |
||